<?xml version="1.0" encoding="UTF-8"?><?xml-stylesheet type="text/xsl" href="static/style.xsl"?><OAI-PMH xmlns="http://www.openarchives.org/OAI/2.0/" xmlns:xsi="http://www.w3.org/2001/XMLSchema-instance" xsi:schemaLocation="http://www.openarchives.org/OAI/2.0/ http://www.openarchives.org/OAI/2.0/OAI-PMH.xsd"><responseDate>2026-04-29T20:47:14Z</responseDate><request verb="GetRecord" identifier="oai:repisalud.isciii.es:20.500.12105/23700" metadataPrefix="marc">https://repisalud.isciii.es/rest/oai/request</request><GetRecord><record><header><identifier>oai:repisalud.isciii.es:20.500.12105/23700</identifier><datestamp>2024-11-28T23:00:02Z</datestamp><setSpec>com_20.500.12105_15322</setSpec><setSpec>com_20.500.12105_2051</setSpec><setSpec>col_20.500.12105_16967</setSpec></header><metadata><record xmlns="http://www.loc.gov/MARC21/slim" xmlns:dcterms="http://purl.org/dc/terms/" xmlns:doc="http://www.lyncode.com/xoai" xmlns:xsi="http://www.w3.org/2001/XMLSchema-instance" xsi:schemaLocation="http://www.loc.gov/MARC21/slim http://www.loc.gov/standards/marcxml/schema/MARC21slim.xsd">
   <leader>00925njm 22002777a 4500</leader>
   <datafield ind2=" " ind1=" " tag="042">
      <subfield code="a">dc</subfield>
   </datafield>
   <datafield ind2=" " ind1=" " tag="720">
      <subfield code="a">Alorda-Clara, Marina</subfield>
      <subfield code="e">author</subfield>
   </datafield>
   <datafield ind2=" " ind1=" " tag="720">
      <subfield code="a">Reyes Moreno, Jose</subfield>
      <subfield code="e">author</subfield>
   </datafield>
   <datafield ind2=" " ind1=" " tag="720">
      <subfield code="a">Trelles-Guzman, Marita Grimanesa</subfield>
      <subfield code="e">author</subfield>
   </datafield>
   <datafield ind2=" " ind1=" " tag="720">
      <subfield code="a">Florido Garcia, Monica</subfield>
      <subfield code="e">author</subfield>
   </datafield>
   <datafield ind2=" " ind1=" " tag="720">
      <subfield code="a">Roca, Pilar</subfield>
      <subfield code="e">author</subfield>
   </datafield>
   <datafield ind2=" " ind1=" " tag="720">
      <subfield code="a">Pons, Daniel-Gabriel</subfield>
      <subfield code="e">author</subfield>
   </datafield>
   <datafield ind2=" " ind1=" " tag="720">
      <subfield code="a">Oliver, Jordi</subfield>
      <subfield code="e">author</subfield>
   </datafield>
   <datafield ind2=" " ind1=" " tag="260">
      <subfield code="c">2023-04-17</subfield>
   </datafield>
   <datafield ind2=" " ind1=" " tag="520">
      <subfield code="a">Colorectal cancer (CRC) is the third most common cancer worldwide and is detected in late stages because of a lack of early and specific biomarkers. Tumors can release extracellular vesicles (EVs), which participate in different functions, such as carrying nucleic acids to target cells; promoting angiogenesis, invasion, and metastasis; and preparing an adequate tumor microenvironment. Finally, bowel lavage fluid (BLF) is a rarely used sample that is obtained during colonoscopy. It presents low variability and protein degradation, is easy to handle, and is representative of EVs from tumor cells due to proximity of the sample collection. This sample has potential as a research tool and possible biomarker source for CRC prognosis and monitoring. In this study, EVs were isolated from human BLF by ultracentrifugation, then characterized by transmission electron microscopy and atomic force microscopy. EV concentration was determined by nanoparticle tracking analysis, and tetraspanins were determined by Western blot, confirming correct EV isolation. RNA, DNA, and proteins were isolated from these EVs; RNA was used in real-time PCR, and proteins were used in an immunoblotting analysis, indicating that EV cargo is optimal for use and study. These results indicate that EVs from BLF can be a useful tool for CRC study and could be a source of biomarkers for the diagnosis and monitoring of CRC.</subfield>
   </datafield>
   <datafield ind1="8" ind2=" " tag="024">
      <subfield code="a">Alorda-Clara M, Reyes J, Trelles-Guzman MG, Florido M, Roca P, Pons DG, et al. Isolation and Characterization of Extracellular Vesicles in Human Bowel Lavage Fluid. Int J Mol Sci. 2023 Apr 17;24(8).</subfield>
   </datafield>
   <datafield ind1="8" ind2=" " tag="024">
      <subfield code="a">10.3390/ijms24087391</subfield>
   </datafield>
   <datafield ind1="8" ind2=" " tag="024">
      <subfield code="a">1422-0067</subfield>
   </datafield>
   <datafield ind1="8" ind2=" " tag="024">
      <subfield code="a">International journal of molecular sciences</subfield>
   </datafield>
   <datafield ind1="8" ind2=" " tag="024">
      <subfield code="a">https://hdl.handle.net/20.500.13003/18964</subfield>
   </datafield>
   <datafield ind1="8" ind2=" " tag="024">
      <subfield code="a">37108550</subfield>
   </datafield>
   <datafield ind1="8" ind2=" " tag="024">
      <subfield code="a">L2023002857</subfield>
   </datafield>
   <datafield ind1="8" ind2=" " tag="024">
      <subfield code="a">2-s2.0-85156093061</subfield>
   </datafield>
   <datafield ind1="8" ind2=" " tag="024">
      <subfield code="a">https://hdl.handle.net/20.500.12105/23700</subfield>
   </datafield>
   <datafield ind1="8" ind2=" " tag="024">
      <subfield code="a">979204300001</subfield>
   </datafield>
   <datafield ind2="0" ind1="0" tag="245">
      <subfield code="a">Isolation and Characterization of Extracellular Vesicles in Human Bowel Lavage Fluid</subfield>
   </datafield>
</record></metadata></record></GetRecord></OAI-PMH>